La isla de San Lucas: una historia sin fin (Registro nro. 2820)
[ vista simple ]
| 000 -Cabecera | |
|---|---|
| Campo de control de longitud fija | 00752aam a2200301 4500 |
| 005 - Fecha y hora de la última transacción | |
| Campo de control | 20260414174310.0 |
| 008 - Elementos de longitud fija--Información general | |
| Campo de control de longitud fija | 150303b2012 xxu||||| |||| 00| 0 spa d |
| 020 ## - International Standard Book Number | |
| Número Internacional Estándar del Libro (ISBN) | 9789968475457 |
| 041 ## - Idioma | |
| Código de idioma | Español |
| 082 ## - Clasificación Decimal Dewey | |
| Número de clasificación | 365 A118i |
| 100 ## - Entrada principal--Autor personal | |
| Nombre personal | Abarca Vásquez, Domingo |
| 9 (RLIN) | 9646 |
| 245 ## - Título propiamente dicho | |
| Título | La isla de San Lucas: una historia sin fin |
| 260 ## - Pie de imprenta | |
| Lugar de publicación, distribución, etc. | Costa Rica |
| 260 ## - Pie de imprenta | |
| Nombre del editor, distribuidor, etc. | D. Abarca Vásquez |
| 260 ## - Pie de imprenta | |
| Fecha de publicación, distribución, etc. | 2012 |
| 300 ## - Descripción física | |
| Extensión | 280 páginas |
| 490 ## - Serie | |
| Título de la Serie | Investigación Criminal |
| 650 ## - Materia general | |
| Temática (materia general) | COSTA RICA |
| 650 ## - Materia general | |
| Temática (materia general) | CRIMINOLOGÍA |
| 650 ## - Materia general | |
| Temática (materia general) | CÁRCELES |
| 650 ## - Materia general | |
| Temática (materia general) | SOCIOLOGÍA |
| 650 ## - Materia general | |
| Temática (materia general) | PENOLOGÍA |
| 650 ## - Materia general | |
| Temática (materia general) | ISLA DE SAN LUCAS |
| 650 ## - Materia general | |
| Temática (materia general) | HISTORIA |
| 650 ## - Materia general | |
| Temática (materia general) | PRESIDIO |
| 650 ## - Materia general | |
| Temática (materia general) | PRIVADOS DE LIBERTAD |
| 942 ## - Punto de acceso adicional KOHA | |
| Tipo de ítem KOHA | Libro |
| Fuente del sistema de clasificación o colocación | Dewey Decimal Classification |
| Signatura completa | Código de barras | Programa Académico | Tipo de ítem |
|---|---|---|---|
| 365 A118i | 16173 | Investigación Criminal | Libro |
| 365 A118i | 16174 | Investigación Criminal | Libro |